| 000 | 00557nam a22002057a 4500 | ||
|---|---|---|---|
| 003 | KOHA_MİRAKIL | ||
| 005 | 20260330125026.0 | ||
| 008 | 260330b tu ||||| |||| 00| 0 tur d | ||
| 020 | _a9758382144 | ||
| 040 |
_aTR-AnABB _btur _cTR-AnABB |
||
| 041 | _atur | ||
| 082 |
_a374.0715 _bDUM 1999 |
||
| 100 | 1 | _aDuman, Ahmet | |
| 245 | 1 | 0 |
_aYetişkinler eğitimi / _cAhmet Duman |
| 260 |
_aAnkara : _bütopya yayınları, _c1999 |
||
| 300 |
_a202 sayfa : _c20 cm |
||
| 500 | _ayazar imzalı | ||
| 650 | 0 | 4 | _aYetişkin eğitimi |
| 942 |
_2ddc _cBK |
||
| 999 |
_c10093 _d10093 |
||
| 900 | _bCem ÖZOGLU | ||